[Event "TUR-ch U13-U18"]
[Site "Antalya"]
[Date "2020.01.19"]
[Round "1"]
[White "Akcaoglu, Mertcan"]
[Black "Bicer, Atakan Mert"]
[Result "0-1"]
[WhiteElo "1222"]
[BlackElo "2215"]
[PlyCount "80"]
[EventDate "2020.01.19"]
[EventType "swiss"]
[EventRounds "11"]
[EventCountry "TUR"]
[SourceTitle "CBM 195 Extra"]
[Source "ChessBase"]
[SourceDate "2020.05.31"]
[SourceVersion "1"]
[SourceVersionDate "2020.05.31"]
[SourceQuality "1"]

1. d4 d5 2. Nf3 Nf6 3. c4 c6 4. Bf4 dxc4 5. e3 b5 6. Be2 e6 7. 0-0 Be7 8. Bg3 0-0 9. Nbd2 Bb7 10. Qc2 Nbd7 11. Rfd1 Qb6 12. h3 c5 13. Ng5 cxd4 14. exd4 h6 15. Ngf3 Rac8 16. a3 Qc6 17. Rac1 Nb6 18. Qb1 Qd5 19. Kh1 Na4 20. Qa1 Rfd8 21. Rg1 g5 22. Be5 Nd7 23. Qb1 Nxe5 24. Nxe5 Qxd4 25. Nxf7 Kxf7 26. Bh5+ Kg8 27. Qg6+ Qg7 28. Qxe6+ Kh8 29. Nf3 Nc5 30. Qe2 Nd3 31. Rc2 Nf4 32. Qe5 Nxh5 33. Re1 Bf6 34. Qxb5 Nf4 35. Rxc4 Rxc4 36. Qxc4 Nxh3 37. Qb5 Nxf2+ 38. Kh2 Ne4 39. Re2 g4 40. Ne1 Be5+ 0-1